Ramsès II : la véritable histoire /

محفوظ في:

المؤلف الرئيسي: Desroches-Noblecourt, Christiane, 1913-2011.

التنسيق: كتاب

اللغة: French

منشور في: Paris : Pygmalion/G. Watelet, c1996.

الموضوعات:

الوسوم: إضافة وسم

لا توجد وسوم, كن أول من يضع وسما على هذه التسجيلة!

رقم الطلب: DT88 .D46 1996

LEADER 00938nam a22002897a 4500
003 OSt
005 20260112103326.0
008 260112t1996 fr a b 001 0bfre
010 |a 96212229 
020 |a 285704481X 
040 |c ARCE Library 
043 |a f-ua--- 
050 1 4 |a DT88  |b .D46 1996 
100 1 |a Desroches-Noblecourt, Christiane,  |d 1913-2011. 
245 1 0 |a Ramsès II :  |b la véritable histoire /  |c Christiane Desroches Noblecourt. 
246 3 |a Ramsès 2. 
246 3 |a Ramsès deux. 
260 |a Paris :  |b Pygmalion/G. Watelet,  |c c1996. 
300 |a 426 p. :  |b ill. ;  |c 25 cm. 
504 |a Includes bibliographical references (p. 384-415) and indexes. 
541 |a One copy is from the personal library collection of Anīs Manṣūr. 
600 0 0 |a Ramses  |b II,  |c King of Egypt. 
650 0 |a Pharaohs  |z Egypt  |v Biography. 
651 0 |a Egypt  |x History  |y To 332 B.C. 
901 |a reviewed 
942 |2 lcc  |c BK 
999 |c 52709  |d 52709